000 00624nam a2200253Ia 4500
003 OSt
005 20220912152748.0
006 a|||||r|||| 00| 0
007 ta
008 220909b |||||||| |||| 00| 0 eng d
024 _a35549
037 _cTextual
040 _aCSL
_beng
_cCSL
041 _aeng
082 _aE34:5, H9
100 _aSiggia Sidney
245 0 _aQuantitative organic analysis via functional groups
260 _c1949
300 _ap.
_ccm.
650 _a Quantitative analysis
650 _aChemistry
942 _hE34:5, H9
_cTEXL
_2CC
999 _c91554
_d91554